| Поле | Инд. | ПП | Название | Значение |
|---|---|---|---|---|
| Тип записи | a | |||
| Библиографический уровень | m | |||
| 001 | Контрольный номер | ff8828a1-36a3-498a-84f3-bcf31e6745a2 | ||
| 005 | Дата корректировки | 20140226234748.8 | ||
| 008 | Кодируемые данные | 020410 | ||
| 020 | a | ISBN | 5-8346-0085-9 | |
| c | Цена, тираж | 78.00 | ||
| 040 | a | Служба первич. каталог. | НБ ТвГУ | |
| 041 | a | Код языка текста | rus | |
| 080 | a | Индекс УДК | 882-2 | |
| a | Индекс УДК | 882.09 | ||
| a | Индекс УДК | 929Грибоедов | ||
| 084 | a | Индекс другой классификации/Индекс ББК | Ш6(2=411.2)5-6 | |
| a | Индекс другой классификации/Индекс ББК | Ш6(2=411.2)6-6 | ||
| a | Индекс другой классификации/Индекс ББК | Ш5(2=411.2)51-4Грибоедов А.С. | ||
| 090 | a | Полочн. индекс | Р | |
| x | Авторский знак | Г82 | ||
| 245 | 10 | a | Заглавие | А. С. Грибоедов как явление истории и культуры |
| b | Продолж. заглавия | [Сборник | ||
| c | Ответственность | Сост. А. С. Хачатрян] | ||
| 260 | 0_ | a | Место издания | Москва |
| b | Издательство | Менеджер | ||
| c | Дата издания | 2000 | ||
| 300 | a | Объем | 253,[2] с. | |
| b | Иллюстрации/ тип воспроизводства | ил., портр. | ||
| 500 | a | Примечание | Описано по обложке. | |
| a | Примечание | Содерж.: Личность и творческое наследие А. С. Грибоедова / А. С. Хачатрян. Грибоедов и Армения. Русско-персидская война 1826-1828 гг. / А. А. Арцруни. Горе от ума / А. С. Грибоедов. Великий гуманист / Артемис. | ||
| 583 | a | Действие | Получение впервые 143 08.04.2002 | |
| k | Исполнитель действия | Дар Библиотека-фонд "Русское зарубежье" | ||
| 650 | a | Основная рубрика | Грибоедов, Александр Сергеевич, о нем (х.л.) | |
| 650 | a | Основная рубрика | Русская литература | |
| x | Основная подрубрика | История | ||
| y | Хронологическая подрубрика | 19 в. | ||
| 653 | a | Ключевые слова | Грибоедов | |
| a | Ключевые слова | Писатели | ||
| a | Ключевые слова | Русская литература | ||
| a | Ключевые слова | Русские писатели | ||
| a | Ключевые слова | Художественная | ||
| a | Ключевые слова | Персоналии | ||
| 700 | 1_ | a | Другие авторы | Хачатрян Амалия Саркисовна |
| e | Роль лиц | сост., авт. ст. | ||
| 700 | 1_ | a | Другие авторы | Арцруни А. А. |
| e | Роль лиц | авт. ст. | ||
| 700 | 1_ | a | Другие авторы | Грибоедов Александр Сергеевич |
| e | Роль лиц | авт. | ||
| t | Заглавие произведения | Горе от ума | ||
| 700 | 0_ | a | Другие авторы | Артемис |
| e | Роль лиц | авт. | ||
| t | Заглавие произведения | Великий гуманист | ||
| 852 | p | Инвентарный номер | 745501 | |
| t | Порядковый номер экземпляра | 1 | ||
| 888 | a | Бесплатные | ||
| 930 | a | Новая/Ретро | художественная | |
| a | Новая/Ретро | персоналии | ||
| 952 | p | 143.2002 78.00 1 745501 | ||
| c | Вид литературы | К рх | ||
| 954 | a | Дата поступления на обработку | 20020427 | |
| 999 | a | Подразделение 2 | ч.з. |